| 000 | 00380nam a2200169Ia 4500 | ||
|---|---|---|---|
| 999 |
_c51989 _d51989 |
||
| 003 | 0100 | ||
| 005 | 20190111101723.0 | ||
| 008 | 130303s9999 xx 000 0 und d | ||
| 040 | _cARRUPELIB | ||
| 050 | _aSPC. BM40.D4 B8 | ||
| 100 |
_aBurrows, Millar _943983 |
||
| 245 | 4 |
_aThe dead Sea scrolls _cMillar Burrows |
|
| 260 |
_aLondon _bSecker and Warburg _c1956 |
||
| 300 |
_axv, 435p. ; _c22cm. |
||
| 650 |
_bDead Sea scrolls _943984 |
||
| 942 |
_2lcc _cMONOGRAPH |
||